LIBRARY & INFORMATION CENTRE, KCAET, TAVANUR

ONLINE PUBLIC ACCESS CATALOGUE (OPAC)

Theory of structures / (Record no. 8811)

MARC details
000 -LEADER
fixed length control field 00376cam a2200157ua 4500
003 - CONTROL NUMBER IDENTIFIER
control field OSt
008 - FIXED-LENGTH DATA ELEMENTS--GENERAL INFORMATION
fixed length control field 250512b |||||||| |||| 00| 0 eng d
041 ## - LANGUAGE CODE
Language code of text/sound track or separate title eng
082 ## - DEWEY DECIMAL CLASSIFICATION NUMBER
Classification number 624.171
Item number MOR/TH
100 ## - MAIN ENTRY--AUTHOR NAME
Personal name Morleg, Arthur .
245 ## - TITLE STATEMENT
Title Theory of structures /
250 ## - EDITION STATEMENT
Edition statement 5 /
260 ## - PUBLICATION, DISTRIBUTION, ETC. (IMPRINT)
Place of publication London :
Name of publisher Longman Green and Co ,
Year of publication 1962.
300 ## - PHYSICAL DESCRIPTION
Number of Pages 617 ; .
942 ## - ADDED ENTRY ELEMENTS (KOHA)
Koha item type Books
Holdings
Withdrawn status Lost status Damaged status Home library Current library Date acquired Full call number Accession Number Koha item type
      KAUAET KAUAET 07/04/2012 624.171 MOR/TH 2491 Books
free website counter